Statistiken für Die bevölkerungsreichsten Staaten Quiz

Klicken Sie hier um das Quiz zu spielen!

Allgemein

  • Dieses Quiz wurde 32.665 mal gespielt
    (7.097 seit der letzten Aktualisierung)
  • Das Durchschnittsergebnis liegt bei 19 aus 24

Antwortstatistiken

BevölkerungLand% Korrekt
1439 Mio.China
100%
331 Mio.Vereinigte Staaten
99%
1380 Mio.Indien
99%
83.8 Mio.Deutschland
98%
146 Mio.Russland
97%
213 Mio.Brasilien
97%
65.3 Mio.Frankreich
96%
126 Mio.Japan
92%
129 Mio.Mexiko
90%
274 Mio.Indonesien
85%
60.5 Mio.Italien
84%
67.9 Mio.Vereinigtes Königreich
80%
102 Mio.Ägypten
79%
221 Mio.Pakistan
77%
84.0 Mio.Iran
76%
206 Mio.Nigeria
75%
84.3 Mio.Türkei
75%
165 Mio.Bangladesch
72%
89.6 Mio.D. R. Kongo
71%
69.8 Mio.Thailand
71%
97.3 Mio.Vietnam
66%
110 Mio.Philippinen
59%
115 Mio.Äthiopien
52%
59.7 Mio.Tansania
33%

Verteilung der Resultate

Perzentil nach korrekt beantworteten Fragen

Anzahl Personen mit jedem Resultat

Ihre Resultats-Entwicklung

Sie haben dieses Quiz seit der letzten Aktualisierung nicht gespielt